000 00442nam a22001457a 4500
082 _a327.1WAT
100 _aWATKINS, WILLIAM
245 _aTHE INTERNATIONAL CO-OPERATIVE ALLIANCE 1895-1970
260 _aENGLAND
_bINTERNATIONAL CO-OPERATIVE ALLIANCE
_c1970
300 _aXV,385P
_bILL,:25CM
500 _aINCLUDE APPENDIX AND INDEX
650 _aTHE INTERNATIONAL CO-OPERATIVE ALLIANCE 1895-1970
700 _aWATKINS, WILLIAM
942 _cBK
999 _c14418
_d14418